000 01175cam a2200325 a 4500
001 13239638
003 OSt
005 20160903131129.0
008 030616s2004 mau b 001 0 eng
010 _a 2003056246
020 _a0-07-283189-8 (alk. paper)
040 _aDLC
_cDLC
_dDLC
050 0 0 _aB29
_b.P5256 2004
082 0 0 _aDC 100
_22004
_bSh6p
100 _913747
_aShipka, Thomas A.
245 0 0 _aPhilosophy :
_bparadox and discovery /
_cThomas A. Shipka, Arthur J. Minton.
250 _aFifth Edition
260 _aBoston :
_bMcGraw Hill,
_cc2004.
300 _axv, 427 pages ;
_c23 cm.
504 _aIncludes bibliographical references and index.
650 0 _aPhilosophy.
650 0 _aEthics.
650 0 _aPolitical science
_xPhilosophy.
700 1 _aMinton, Arthur J.,
_d1942-
856 4 2 _3Publisher description
_uhttp://www.loc.gov/catdir/description/mh031/2003056246.html
856 4 1 _3Table of contents
_uhttp://www.loc.gov/catdir/toc/mh031/2003056246.html
906 _a7
_bcbc
_corignew
_d1
_eocip
_f20
_gy-gencatlg
942 _2ddc
_cDC
999 _c4156
_d4156